000 01471nam a2200385 i 4500
001 193611
003 SpMaBN
005 20240213122701.0
007 ta
008 240123s1985 sp 001 spa
016 7 _abimoBNE19920996217
_zIBH8705203430
_zBIB92000003541
_zBNE19931081897
_2SpMaBN
017 _aB 43608-1985
_bOficina Depósito Legal Barcelona
035 _a(OCoLC)433909081
035 _abimo0000185950
040 _aIBH
_bspa
_cSpMaBN
_erdc
_dES-MaACL
080 _a025.43=60
245 0 0 _aLista de encabezamientos de materias para bibliotecas /
_cMercè Casòliva ... [et al.] ; con la colaboración de Joana Crespi.
250 _a1ª ed.
260 _aBarcelona :
_bDiputació, Biblioteca de Catalunya,
_c1985
300 _a2 v. ;
_c30 cm
336 _2rdacontent
_aTexto
337 _2rdamedia
_asin mediación
338 _2rdacarrier
_avolumen
504 _aBibliografía: p. 31-32
505 _aV.I: A-J. - V.II: K-Z
650 7 _aEncabezamientos de materia españoles
_9175279
700 1 _aCasòliva, Mercè
_9234926
700 1 _aCrespí, Joana
_9234927
710 2 _aBiblioteca de Cataluña
_9234928
852 _aES-MaACL
_jA-15156
_9201085
_bR.117928
_cDEPO1
_dOlim: D-D
_dOlim: 025.43 LIS
_pv.1
852 _aES-MaACL
_jA-15157
_9201086
_bR.117928
_cDES
_dOlim: D-D
_dOlim: 025.43 LIS
_pv.2
942 _n0
_cMONOGRAFIA
999 _c193611
_d193611